000 00698nam a2200205Ia 4500
003 GCL
008 140319s9999 xx 000 0 ara d
040 _aGCL /
_cGCL
082 0 4 _a327.73056
_bا م
100 1 _aاسامة خالد
245 1 0 _aالمستقبل العربى فى العصر الامريكى /
_cاسامة خالد
260 _aالقاهرة :
_bمركز القادة للكتاب والنشر ،
_c1992
300 _a221 ص ؛
_c24
490 _a
650 0 4 _aالشافعى محمد بن ادريس
650 0 4 _aالولايات المتحدة الامريكية
650 0 4 _aالشرق الاوسط
650 0 4 _aالسياسة الدولية
942 _2ddc
_cBK
999 _c43579
_d43579